Pour comprendre l'art hindou /

Saved in:
Bibliographic Details
Main Author: Coomaraswamy, Ananda K. (Ananda Kentish), 1877-1947
Format: Book
Language:French
English
Published: Paris : Bossard, 1926.
Subjects:
LEADER 00917nam a2200241 a 4500
001 c000211739
003 CARM
005 20021125002400.0
008 900523s1926 fr 00000 fre d
019 1 |a 7199816  |5 LACONCORD2021 
035 |a (OCoLC)11572864  |5 LACONCORD2021 
040 |a NUN  |c NUN 
041 1 |a fre  |h eng 
100 1 |a Coomaraswamy, Ananda K.  |q (Ananda Kentish),  |d 1877-1947. 
240 1 0 |a Introduction to Indian art.  |l French 
245 1 0 |a Pour comprendre l'art hindou /  |c par Ananda K. Coomaraswamy ; traduction de Jean Buhot. 
260 |a Paris :  |b Bossard,  |c 1926. 
300 |a 176 p., xvi leaves of plates :  |b ill. 
650 0 |a Art, Indic. 
650 0 |a Art  |z India. 
852 8 |b CARM  |h A2:AN10A0  |i A03464  |p 0307698  |f BK 
999 f f |i 100f65cf-e01b-5046-a836-9aaaafe49f2d  |s bab07322-344a-5d9d-b2a5-2664561f7f7e 
952 f f |p Can circulate  |a CAVAL  |b CAVAL  |c CAVAL  |d CARM 1 Store  |e A03464  |f A2:AN10A0  |h Other scheme  |i book  |m 0307698